Zvyšovanie exportnej výkonnosti - predpoklad úspešnosti rozvojovej stratégie ekonomiky Slovenskej republiky

Funkčná otvorenosť ekonomiky voči vonkajšiemu prostrediu, výška exportnej výkonnosti - predpoklad úspešného rozvoja národnej ekonomiky. Základný faktor exportnej výkonnosti je konkurenčná schopnosť vývozných fondov. Adaptácia Japonska na nové podmienky vo svetovom hospodárstve. Skúsenosti Japonska a...

Full description

Saved in:
Bibliographic Details
Main Author: Baláž, Peter
Format: Book Chapter
Language:Slovak
Subjects:
Tags: Add Tag
No Tags, Be the first to tag this record!

MARC

LEADER 00000naa a2200000 4500
001 r023871
005 20221205082159.7
041 0 |a slo 
044 |a SK 
245 1 0 |a Zvyšovanie exportnej výkonnosti - predpoklad úspešnosti rozvojovej stratégie ekonomiky Slovenskej republiky  |c Peter Baláž 
520 |a Funkčná otvorenosť ekonomiky voči vonkajšiemu prostrediu, výška exportnej výkonnosti - predpoklad úspešného rozvoja národnej ekonomiky. Základný faktor exportnej výkonnosti je konkurenčná schopnosť vývozných fondov. Adaptácia Japonska na nové podmienky vo svetovom hospodárstve. Skúsenosti Japonska a ich využitie v podmienkach transformačného procesu v SR. 
610 2 0 |a vývoz 
610 2 0 |a stratégia hospodárska 
610 2 0 |a Slovensko 
610 2 0 |a rozvoj hospodársky 
610 2 0 |a Japonsko 
610 2 0 |a reformy hospodárske 
610 2 0 |a podpora vývozu 
100 1 |a Baláž, Peter